Egyptian stelae in the British Museum from the 13th to17th dynasties

محفوظ في:

المؤلف الرئيسي: Franke, Detlef, 1952-

مؤلفون آخرون: Marée, Marcel. Ambers, J. British Museum.

التنسيق: كتاب

اللغة: Undetermined

الموضوعات:

الوسوم: إضافة وسم

لا توجد وسوم, كن أول من يضع وسما على هذه التسجيلة!

رقم الطلب: PJ1511 .B7 E3 v.1/1

LEADER 00787nam a2200181Ia 4500
008 220926s9999||||xx |||||||||||||| ||und||
020 |a 978-0714119878 
050 4 |a PJ1511 .B7 E3 v.1/1 
100 1 |a Franke, Detlef, 1952- 
245 1 0 |a Egyptian stelae in the British Museum from the 13th to17th dynasties 
264 |c 2013-  |b British Museum   |a London  
300 |a v.   |b ill. (some col.)   |c 31 cm. 
504 |a Includes bibliographical references (v. 1, p. 180-201) and indexes. 
650 4 |a Stele (Archaeology) -- Egypt -- Catalogs. 
700 1 |a Marée, Marcel. Ambers, J. British Museum. 
942 |2 lcc  |c BK 
952 |0 0  |1 0  |2 lcc  |3 V.1/1  |4 0  |6 PJ1511 B7 E3 V.00001/00001  |7 1  |9 42949  |a ARCE  |b ARCE  |d 2022-09-26  |l 0  |o PJ1511 .B7 E3 v.1/1  |p 1032790  |r 2022-09-26 00:00:00  |w 2022-09-26  |y BK 
999 |c 49508  |d 49508